=LDR 00000nam 2200000 4500 =001 INLIS000000000012959 =005 20130612104427 =008 ***********************************Ind** =035 ##$$0010-061300000012959 =041 ##$$a Ind =082 ##$$a 641.563 14 =090 ##$$a 641.563 14, Sum m =100 ##$$a Sumardi, Tuti =245 ##$$a Masakan lezat sehat untuk mencegah dan mengatur diabetes melitus, Tuti Sumardi =260 ##$$a 2002 $b Jakarta =300 ##$$a 104 hlm, ilus, 28 cm =650 ##$$a Masakan untuk penderita diabetes =850 ##$$a NBPNMAT